000 00389nam a2200145Ia 4500
008 240729s9999 xx 000 0 und d
022 _a2700-7448
245 0 _aJournal of Nonsmooth Analysis and Optimization
260 _aFrance
260 _bEpisciences.org
650 _aScience
856 _uhttps://doaj.org/toc/fd0e5c3aa8d94dffb9d45fd46d9b4a4e
942 _2ddc
942 _cDOAJEJ
999 _c69879
_d69879
945 _a1
_bMadushi Gamage
_c1
_dMadushi Gamage